| 000 | 00717nam a2200253Ia 4500 | ||
|---|---|---|---|
| 008 | 160901s9999 xx 000 0 und d | ||
| 020 | _a978-981-4416-33-7 | ||
| 050 | _aComSc QA 76.73 | ||
| 050 | _b.J38M39 2012 | ||
| 100 | _aMayfield, Blayne. | ||
| 245 | _aJava programming : | ||
| 245 | _bfrom problem analysis to program design lab manual / | ||
| 245 | _cBlayne Mayfield. | ||
| 250 | _a3rd Edition | ||
| 260 | _aSingapore : | ||
| 260 | _bCengage Learning Asia Pte Ltd | ||
| 260 | _c2012 | ||
| 300 | _a321 pages : | ||
| 300 | _bill. ; | ||
| 300 | _c26 cm. | ||
| 500 | _aIncludes index. | ||
| 650 | _aJava (Computer program language). | ||
| 650 | _xWorld Wide Web (Information Retrieval System). | ||
| 999 |
_c300777 _d300777 |
||